| 000 | 00727cam a22002054a 4500 | ||
|---|---|---|---|
| 005 | 20250605164215.0 | ||
| 008 | 250528s ||||||||||||||||||||||||d | ||
| 035 | _a20440 | ||
| 020 | _a340592672 | ||
| 040 |
_aGR-AtMCL _bgre _dGR-AtMCL _eAACR2 |
||
| 245 | 1 | _aThe Bakhtin Reader / Selected Writings of Bakhtin, Medvedev, Voloshinov | |
| 260 | _c1994 | ||
| 300 | _a264 | ||
| 520 | _aAn invaluable introduction to a complex and scattered body of work. Acknowledgements, Introduction, Dialogic Discourse, The Heteroglot Novel, Literature as Ideological Form, Carnival Ambivalence, Bibliography, Index. | ||
| 700 | 1 |
_aEdward Arnold _9242 |
|
| 700 | 1 |
_aMorris Pam _96426 |
|
| 942 | _cBK | ||
| 999 |
_c5547 _d5547 |
||